000 00279nam a22001217a 4500
041 _aENG
100 _aNair .K
245 _aFluency And Pronunciation
260 _aDelhi
_bAdult Faculties
_c2003
300 _a56
650 _aCompetitive Exam
856 _uCompetitive Exam ( 35 )
999 _c978
_d978